| 000 | 03775nam a22004577a 4500 | ||
|---|---|---|---|
| 005 | 2008122303423.0 | ||
| 008 | 081223t xxu||||| |||| 00| 0 hin d | ||
| 010 | _aHIN-86269 | ||
| 020 |
_a9788181438171 _c350.00 |
||
| 035 | _aHN-58615 | ||
| 035 | _aB-351848-858 | ||
| 037 | _bDBAD / PUB | ||
| 037 | _bवाणी प्रकाशन | ||
| 040 |
_aDPL _bHN |
||
| 082 | _a230.2 | ||
| 100 | _aनिगम, शोभा | ||
| 245 |
_aव्यास-कथा / _cशोभा निगम |
||
| 246 |
_aVyaasa-Kathaa _bby Shobha Nigam |
||
| 260 |
_aनयी दिल्ली _bवाणी प्रकाशन _c2008 |
||
| 270 |
_a21-ए, दरियागंज _bनयी दिल्ली _e110002 |
||
| 300 |
_a287पृ. _c22सेमी (सजिल्द) |
||
| 500 | _aमहाभारत पर आधारित रम्य रचना | ||
| 650 |
_aमहाभारत _xपात्र |
||
| 650 |
_aMahabharata _xCharacters |
||
| 650 | _aहिन्दू पौराणिक कथा | ||
| 650 | _aHindu mythology | ||
| 942 |
_2ddc _cHN _mनिगम _h230.2 |
||
| 999 |
_c20230 _d20230 |
||